5HLuxD.jpg

KING HENRY VIII SENIOR AND PRIMARY SCHOOL LIBRARY OPAC

Ten apples up on top! / (Record no. 2169)

000 -LEADER
fixed length control field 00702cam a2200229 a 4500
001 - CONTROL NUMBER
control field 2100182
003 - CONTROL NUMBER IDENTIFIER
control field OSt
005 - DATE AND TIME OF LATEST TRANSACTION
control field 20230317084410.0
008 - FIXED-LENGTH DATA ELEMENTS--GENERAL INFORMATION
fixed length control field 020111s1989 nyua j 000 0 eng d
020 ## - INTERNATIONAL STANDARD BOOK NUMBER
International Standard Book Number 9780394800196
040 ## - CATALOGING SOURCE
Transcribing agency T
Modifying agency KH8
082 04 - DEWEY DECIMAL CLASSIFICATION NUMBER
Classification number 813.54 LES
100 1# - MAIN ENTRY--PERSONAL NAME
Personal name LeSieg, Theo.,
Dates associated with a name 1904-
Relator term author
245 10 - TITLE STATEMENT
Title Ten apples up on top! /
Statement of responsibility, etc. By Theo. LeSieg ; illustrated by Roy McKie.
260 ## - PUBLICATION, DISTRIBUTION, ETC.
Place of publication, distribution, etc. New York :
Name of publisher, distributor, etc. Beginner Books,
Date of publication, distribution, etc. 1989.
300 ## - PHYSICAL DESCRIPTION
Extent 59 p. :
Other physical details col. ill. ;
Dimensions 24 cm.
440 #0 - SERIES STATEMENT/ADDED ENTRY--TITLE
Title Beginner books ;
Volume/sequential designation B-19.
500 ## - GENERAL NOTE
General note Originally published 1961.
520 ## - SUMMARY, ETC.
Summary, etc. A lion, a dog, and a tiger balance apples on their heads.
700 1# - ADDED ENTRY--PERSONAL NAME
Personal name McKie, Roy.
Relator term illustrator
942 ## - ADDED ENTRY ELEMENTS (KOHA)
Source of classification or shelving scheme
Koha item type Books - Non Ficton
Holdings
Withdrawn status Lost status Source of classification or shelving scheme Damaged status Not for loan Collection code Permanent Location Current Location Shelving location Date acquired Total Checkouts Full call number Barcode Date last seen Date last checked out Price effective from Koha item type
          Non-Fiction KH8 Primary School Library KH8 Primary School Library Non Fiction 2023-03-17 8 813.54 LES KHPL000003906 2025-12-05 2024-11-14 2023-03-17 Books - Non Ficton

Powered By KH8 IT Dept